| 000 | 03810nam a22005777a 4500 | ||
|---|---|---|---|
| 999 |
_c6593 _d6593 |
||
| 003 | OSt | ||
| 005 | 20260310124110.0 | ||
| 008 | 190228c xxut||p| |||| 00| 0 spa d | ||
| 020 | _a9789873048555 | ||
| 040 | _cPJ | ||
| 245 | 1 | 0 |
_aRevista de derecho privado y comunitario : _bdiez años de vigencia del Código Civil y Comercial de la Nación. Derechos Reales y Sucesiones / _cHéctor Alegría, Jorge Mosset Iturraspe directores. |
| 260 |
_aSanta Fé : _bRubinzal-Culzoni, _c2025. |
||
| 300 |
_a959 p. _c22 cm. |
||
| 310 | _acuatrimestral | ||
| 362 | _aNo. 3 (2025) | ||
| 505 |
_tLas criptomonedas como activos en el patrimonio / _rLiliana Abreut de Begher. |
||
| 505 |
_tConjuntos inmobiliarios preexistentes / _r Martín Luis Gallo Tagle y Fernando Márquez. |
||
| 505 |
_tAcciones posesorias / _rJosé Benito Fajre. |
||
| 505 |
_tLa buena o mala fe en las relaciones de poder / _rartín Luis Gallo Tagle y Fernando Márquez. |
||
| 505 |
_tDerechos reales de disfrute / _r Roberto Malizia. |
||
| 505 |
_tProblemas derivados de los créditos hipotecarios uva / _r Gisele Boüllon. |
||
| 505 |
_tHipotecas divisibles / _rAlejandro L. Iriarte. |
||
| 505 |
_tLa hipoteca frente a la partición del condominio. dimensiones y prospectiva / _rFederico Causse y Christian R. Pettis. |
||
| 505 |
_tLa legitimación pasiva en la acción reivindicatoria de inmuebles y el alcance subjetivo de la sentencia que la admite / _r Mario A. Zelaya. |
||
| 505 |
_tAciertos y avances del derecho sucesorio en el código civil y comercial / _rFrancisco A. M. Ferrer. |
||
| 505 |
_tEn busca de un derecho sucesorio más solidario / _r Marcos Mauricio Córdoba. |
||
| 505 |
_tA diez años de la sanción del código civil y comercial y la injustificable supresión de la desheredación / _rGabriel Rolleri. |
||
| 505 |
_tAnálisis del contrato de cesión de derechos hereditarios a través de sus características / _r Guido Agustín Gallino. |
||
| 505 |
_tFidecomisos de planificación patrimonial y derecho sucesorio / _rCarlos Marcelo D’Alessio. |
||
| 505 |
_tObjeto del juicio sucesorio. consideraciones en torno a la renuncia o repudiación de la herencia / _rAdriana Sylvina Morón y Lucila Inés Córdoba. |
||
| 505 |
_tLa pensión compensatoria y la muerte del causante / _rEduardo Guillermo Roveda. |
||
| 505 |
_tEl testamento digital - en homenaje a los doctores alberto j. bueres, jorge mosset iturraspe y eduardo a. zannoni a diez años de la vigencia del código civil y comercial de la nación / _rPablo Sebastián Flores. |
||
| 505 |
_tEl proceso sucesorio patrio y la sucesión notarial / _r Gastón Augusto Zavala. |
||
| 505 |
_tParte general / _rJulio César Rivera Colaborador: Diego M. Fissore. |
||
| 505 |
_tObligaciones / _r Carlos Reyna. |
||
| 505 |
_tContratos / _rRicardo Luis Lorenzetti y Gonzalo Sozzo Colaborador: Mariano L. Churruarin. |
||
| 505 |
_tDerechos reales / _rLeopoldo L. Peralta Mariscal Colaboradora: Mariana Rey. |
||
| 505 |
_tFamilias / _rAída Kemelmajer Colaboradora: María Angélica Correa. |
||
| 505 |
_tSucesiones / _rGraciela Medina Colaboradora: Andrea Inés Podestá. |
||
| 505 |
_tConcursos / _rJosé A .DiTullio Colaborador: Eduardo Néstor Chiavassa. |
||
| 505 |
_tSeguros / _rHoracio Roitman Colaborador:José A.DiTullio. |
||
| 505 |
_tSociedades / _rHéctor Alegria Colaborador: Nicolás J. Di Lella. |
||
| 505 |
_tDerecho cambiario / _r Iván G. Di Chiazza Colaborador: José Ignacio Pastore. |
||
| 505 |
_tDerechos humanos / _rGraciela Medina Colaboradora: Gabriela Yuba. |
||
| 650 | 0 |
_91497 _aCODIGO CIVIL Y COMERCIAL |
|
| 650 | 0 |
_91821 _aDERECHOS REALES |
|
| 650 | 0 |
_9888 _aSUCESIONES |
|
| 700 |
_91076 _aAlegria, Héctor _edirector |
||
| 700 |
_9528 _aMosset Iturraspe, Jorge _edirector |
||
| 942 |
_2udc _cPP _h347.1(05) _iREV |
||